A biographical dictionary of Irish Quakers /

Bibliographic Details
Main Author: Harrison, Richard S.
Format: Book
Language:English
Published: Dublin, Ireland ; Portland, OR : Four Courts Press, [1997]
Subjects:

MARC

Tag First Indicator Second Indicator Subfields
LEADER 00000cam a2200000 a 4500
001 in00001404964
005 20151020064102.0
008 970829s1997 ie b bd 001 0ceng d
010 |a  98103958  
015 |a GB97-67817 
020 |a 1851823042 
035 |a (OCoLC)37548309 
035 |9 AHP4472AM 
040 |a IDeKN  |c DLC  |d JNA  |d UKM  |d TXA  |d UtOrBLW 
042 |a lccopycat 
043 |a e-ie--- 
049 |a TXAM 
050 0 4 |a BX7681.2  |b .H37 1997 
082 0 0 |a 289.6/092/2415  |a B  |2 21 
100 1 |a Harrison, Richard S. 
245 1 2 |a A biographical dictionary of Irish Quakers /  |c Richard S. Harrison. 
264 1 |a Dublin, Ireland ;  |a Portland, OR :  |b Four Courts Press,  |c [1997] 
264 4 |c ©1997 
300 |a 123 pages :  |b map ;  |c 25 cm. 
336 |a text  |b txt  |2 rdacontent 
337 |a unmediated  |b n  |2 rdamedia 
338 |a volume  |b nc  |2 rdacarrier 
504 |a Includes bibliographical references (pages 107-111) and index. 
650 0 |a Quakers  |z Ireland  |x Biography  |x Dictionaries. 
610 2 0 |a Religious Society of Friends of Ireland  |x Dictionaries. 
610 2 4 |a Society of Friends  |z Ireland  |x Dictionaries. 
948 |a c:jal 
999 |a MARS 
999 f f |s 6987dc4f-90a5-3cc1-91b9-a847dbef15c9  |i 21c42e77-f5c2-3530-be29-354cb6fa3ae7  |t 0 
952 f f |p normal  |a Texas A&M University  |b College Station  |c Sterling C. Evans Library  |d Evans: Library Stacks  |t 0  |e BX7681.2 .H37 1997  |h Library of Congress classification  |i unmediated -- volume  |m A14822491193 
998 f f |a BX7681.2 .H37 1997  |t 0  |l Evans: Library Stacks